000 00856nam a2200229Ia 4500
003 Ost
005 20260507075030.0
008 260507s9999||||xx |||||||||||||| ||und||
020 _a3104303977
040 _cfsecg
041 _aara
082 _a330
100 _aالعمروسي، أنور
_eمؤلف
245 0 _aالحقوق العينية التبعية :
_bالتأمينات العينية في القانون المدني /
_c أنور العمروسي
260 _aالإسكندرية:
_bمنشآة المعرف,
_c2003
300 _a564 صفحة؛
_bإيضاحات ؛
_c24 سم
520 _aالرهن الرسمي، حق الإختصاص، الرهن الحيازي، حقوق الإمتياز
653 _aالتأمينات
653 _aالحقوق العينية
653 _aالقانون المدني
942 _cكتاب
999 _c42388
_d42388